000 00919nam0a22002531 4500
001 RU\NLR\INFOCOMM16\ROSSICA\1000468773
005 20250613185348.0
035 _a(NLR Aleph) 009886300
090 _a10497108
_c10497108
100 _a20030703d1911 |||y0rusy50 ca
101 0 _afre
102 _aRU
105 _ay ||||000ay
200 1 _aCatalogue de la Section Russe du ministère impérial des finances, direction générale des contributions indirectes et de la régie des alcools
_fExposition internationale des industries et du travail.Turin 1911
210 _aSt.Pétersbourg
_d1911
215 _a1нн.17стр.
_d24, (20x11, 5)
710 1 2 _aExposition internationale des industries et du travail
_eTurin
_f1911
_4070
801 1 _aRU
_bInfoComm
_c20030703
801 0 _aRU
_bNLR
_gPSBO
852 _aNLR
_bДом Плеханова
_jД17058
942 _cBOOK
980 _aNB
980 _aRossica